Métro parisien : Terminus - Statistiques

Statistiques générales
  • Ce quiz a été pris 186 fois
  • Le résultat moyen est 17 sur 34
Statistiques - réponses
% Correct
Nation
90%
Nation
90%
La Défense
89%
Château de Vincennes
83%
Porte Dauphine
70%
Porte de Clignancourt
70%
Place d'Italie
68%
Balard
66%
Charles de Gaulle - Étoile
63%
Châtelet
62%
Bobigny - Pablo Picasso
57%
Aéroport d'Orly
54%
Gallieni
53%
Mairie de Montreuil
50%
Pont de Sèvres
50%
Pointe du Lac
47%
Mairie d'Issy
46%
Gare d'Austerlitz
45%
Bagneux - Lucie Aubrac
44%
Saint-Denis – Pleyel
43%
Porte des Lilas
41%
La Courneuve - 8 Mai 1945
38%
Mairie d'Ivry
38%
Mairie d'Aubervilliers
37%
Gambetta
35%
Rosny-Bois-Perrier
30%
Villejuif - Louis Aragon
30%
Châtillon - Montrouge
28%
Saint-Denis - Université
28%
Louis Blanc
27%
Pont de Levallois - Bécon
24%
Pré-Saint-Gervais
24%
Boulogne - Pont de Saint-Cloud
19%
Les Courtilles
18%
Aucun quiz correspondant
Distribution des résultats
% des personnes avec chaque résultat
Percentile par nombre de réponses
Votre historique - résultats
Vous n’avez pas pris ce quiz